Wooden performance (Record no. 118043)

MARC details
000 -LEADER
fixed length control field 00970cam a2200217 4500
001 - CONTROL NUMBER
control field ABS68202
008 - FIXED-LENGTH DATA ELEMENTS--GENERAL INFORMATION
fixed length control field 040923n2004 000 0 eng u
035 ## - SYSTEM CONTROL NUMBER
System control number (Sirsi) u127504
100 ## - MAIN ENTRY--PERSONAL NAME
Personal name Foyle, J.
245 ## - TITLE STATEMENT
Title Wooden performance
260 ## - PUBLICATION, DISTRIBUTION, ETC.
Date of publication, distribution, etc. 2004
490 ## - SERIES STATEMENT
Series statement Architects' Journal
Volume/sequential designation 220(9) 9 September 2004, 42-44(3)
520 ## - SUMMARY, ETC.
Summary, etc. The third in a series of articles looking at materials in their historical settings, explores the recent revival in the popularity of timber construction. Highlights its use back to Anglo-Saxon times and charts its history through the ages and the changes in construction. Looks at the case of Ightham Mote, Kent, which has been extensively restored using traditional timber conservation and repair. (See also Abs67998 and Abs68102).
590 ## - LOCAL NOTE (RLIN)
Local note ABS
590 ## - LOCAL NOTE (RLIN)
Local note ABS
650 ## - SUBJECT ADDED ENTRY--TOPICAL TERM
Topical term or geographic name entry element BUILDING MATERIALS
650 ## - SUBJECT ADDED ENTRY--TOPICAL TERM
Topical term or geographic name entry element HISTORICAL BUILDINGS
650 ## - SUBJECT ADDED ENTRY--TOPICAL TERM
Topical term or geographic name entry element TIMBER CONSTRUCTION
690 ## - LOCAL SUBJECT ADDED ENTRY--TOPICAL TERM (OCLC, RLIN)
Topical term or geographic name as entry element BUILDING CONSERVATION
942 ## - ADDED ENTRY ELEMENTS (KOHA)
Suppress in OPAC 0
Holdings
Withdrawn status Lost status Source of classification or shelving scheme Damaged status Not for loan Home library Current library Shelving location Date acquired Total Checkouts Full call number Barcode Date last seen Copy number Price effective from Koha item type
    Dewey Decimal Classification     London London Journal article 23/09/2004   ABS68202 127504-1001 06/08/2019 1 06/08/2019 Journal article